000 00600nam a22001937a 4500
005 20251108174940.0
008 250721s2009 xx 000 0 ara d
082 1 4 _a956.402/طحا
100 1 _aطحان، محمد
245 1 0 _aالخديعة الكبرى هل اليهود -حقاً-شعب الله المختار ؟ /
264 1 _aدمشق :
_bدار صفحات للدراسات،
_c2009.
300 _a240ص.
650 1 7 _aإسرائيل
650 1 7 _aالمعتقدات
650 1 7 _aالكتاب المقدس
650 1 7 _aالصهيونية
942 _2ddc
_cBK
999 _c122287
_d122287